Geographical Part of the Nuzhatul-Quloob By Mustawfi (Record no. 2233)

MARC details
000 -LEADER
fixed length control field 00604nam a2200241 a 4500
020 ## - INTERNATIONAL STANDARD BOOK NUMBER
ISBN
082 00 - DEWEY DECIMAL CLASSIFICATION NUMBER
Classification number 915.3
Author Cutter MUS1
100 ## - MAIN ENTRY--AUTHOR NAME
Author name Mustawfi, Hamd-Allah
245 ## - TITLE STATEMENT
Title Geographical Part of the Nuzhatul-Quloob By Mustawfi
260 ## - PUBLICATION, DISTRIBUTION, ETC. (IMPRINT)
Place of publication Leiden
Name of publisher Brill
Year of publication 1919
300 ## - PHYSICAL DESCRIPTION
Number of Pages 322p
500 ## - GENERAL NOTE
General note includes index and biblioraphy
505 2# - FORMATTED CONTENTS NOTE
Formatted contents note bibliography
650 ## - SUBJECT ADDED ENTRY--TOPICAL TERM
Topical Term Geography-Arab
942 ## - ADDED ENTRY ELEMENTS (KOHA)
Koha item type Books
700 1# -
-- Mustawfi, Hamd-Allah
Holdings
Home library Current library Date acquired Cost, normal purchase price Full call number Accession Number Koha item type
Henry Martyn Institute Library Henry Martyn Institute Library 09/17/2008 100.00 915.3 MUS1 720 Archive Book
                   Copyright © 2026 | Henry Martyn Institute | Hyderabad | TS-500052 | INDIA | Implemented by hmi.edu.in
Hit-Count:

Powered by Koha